00331nam a2200121Ia 4500008004100000082001600041100002200057245006200079250000800141260003600149300000800185650001600193191201s2002 xx 000 0 und d a006.33bHAM aHAYES, Jeremiah F 0aModeling and Analysis of Computer Communications Networks a2nd aN.DelhibKhanna Publisherc2002 a399 aB.Tech(CSE)